000 00780nam a2200265 i 4500
001 C2-0321773
003 PPAK
005 20180728120847.0
008 130306s2012 my a|||| ||||| | may d
020 _a9789670365138
040 _aPPAK
_beng
_cPPAK
_erda
082 0 4 _a363.7386
_223
090 0 0 _a363.7386
_bHUJ
_dK
245 0 0 _aHujan asid dan hakisan ozon
264 1 _aYan, Kedah :
_bSetitis Ilmu ,
_c2012
300 _a43 pages :
_bcolour illustrations ;
_c23 cm.
336 _2rdacontent
_atext
337 _2rdamedia
_aunmediated
338 _2rdacarrier
_avolume
490 1 _aManusia dalam zon ancaman
650 1 0 _aAcid rain - Environmental aspects.
700 0 _aNurul Ain Amirnur Rashid,
_ecompile
830 0 _aManusia dalam zon ancaman
942 _ddc
_cB
999 _c122182
_d122182